| 000 | 00581nam a2200193Ia 4500 | ||
|---|---|---|---|
| 008 | 151121s9999||||xx |||||||||||||| ||und|| | ||
| 082 | _a813/राजवा | ||
| 082 | _bHNW-48370 | ||
| 100 | _aराजवाडे राजा | ||
| 245 | _aसापशिडी | ||
| 260 | _b"श्रीराम प्रकाशन, पुणे।" | ||
| 260 | _c-- | ||
| 300 | _a148 | ||
| 600 | _aराजवाडे राजा | ||
| 630 | _aसापशिडी | ||
| 700 | _aराजवाडे राजा | ||
| 730 | _aसापशिडी | ||
| 942 | _cBOOK | ||
| 999 |
_c1233953 _d1233950 |
||